[Event "Mindsports Open 4th"]
[Site "London"]
[Date "2024.07.21"]
[Round "6.3"]
[White "Kovchan, Alexander"]
[Black "Czopor, Maciej"]
[Result "1-0"]
[WhiteElo "2455"]
[BlackElo "2361"]
[PlyCount "257"]
[EventDate "2024.07.18"]
[EventType "swiss"]
[EventRounds "9"]
[EventCountry "ENG"]
[SourceTitle "BritBase"]
[Source "John Saunders"]
[SourceDate "2024.08.27"]
[SourceVersion "1"]
[SourceVersionDate "2024.08.27"]
[SourceQuality "1"]

1. d4 Nf6 2. c4 e6 3. g3 d5 4. Bg2 Bb4+ 5. Bd2 a5 6. Qc2 O-O 7. Nf3 c5 8. cxd5 cxd4 9. Nxd4 Qb6 10. e3 exd5 11. O-O Nc6 12. Nxc6 bxc6 13. Nc3 h5 14. a3 Be7 15. Na4 Qc7 16. Bc3 Be6 17. Bd4 Nd7 18. Qc3 Bf6 19. Rac1 Rfc8 20. f4 Bxd4 21. Qxd4 f6 22. Nc5 Nxc5 23. Rxc5 Rab8 24. Rfc1 Qb6 25. R1c2 Qb3 26. R5c3 Qb7 27. Bf3 Bf7 28. Rc5 Qb3 29. R5c3 Qb7 30. Qc5 Qc7 31. e4 dxe4 32. Bxe4 Qd7 33. Rd3 Qe6 34. Re2 Rb5 35. Qc2 Qc4 36. Qd2 Qc5+ 37. Kg2 Rbb8 38. Rc3 Qb5 39. Qc2 Re8 40. Rc5 Qb6 41. Kh3 Qd8 42. Bh7+ Kh8 43. Rd2 Qe7 44. Rxa5 g5 45. Bf5 Qe1 46. Qxc6 Kg7 47. fxg5 fxg5 48. Qc3+ Kg8 49. Bd7 Qf1+ 50. Rg2 Rb6 51. Rxg5+ Rg6 52. Rxg6+ Bxg6 53. Bxe8 Bxe8 54. g4 Bd7 55. Qb3+ Kh8 56. Qe3 Bxg4+ 57. Kg3 h4+ 58. Kxh4 Qxg2 59. Qd4+ Kh7 60. Qxg4 Qxh2+ 61. Kg5 Qxb2 62. Qd7+ Kg8 63. a4 Qe5+ 64. Kg6 Qg3+ 65. Kf6 Qh4+ 66. Ke6 Qe4+ 67. Kd6 Qd4+ 68. Ke7 Qb4+ 69. Kd8 Qa5+ 70. Ke8 Qh5+ 71. Ke7 Qh4+ 72. Kd6 Qd4+ 73. Kc7 Qa7+ 74. Kd8 Qa5+ 75. Ke7 Qb4+ 76. Kf6 Qh4+ 77. Ke5 Qe1+ 78. Kd6 Qb4+ 79. Kd5 Qa5+ 80. Kc4 Kh8 81. Qb5 Qc7+ 82. Qc5 Qf7+ 83. Qd5 Qc7+ 84. Qc5 Qf7+ 85. Kc3 Qf3+ 86. Kb4 Qe4+ 87. Qc4 Qe7+ 88. Kb3 Qb7+ 89. Qb4 Qd5+ 90. Ka3 Qd3+ 91. Kb2 Qe2+ 92. Kb3 Qd1+ 93. Ka2 Qd5+ 94. Kb2 Qg2+ 95. Kb3 Qd5+ 96. Qc4 Qd1+ 97. Kb4 Qd6+ 98. Kc3 Qg3+ 99. Qd3 Qe1+ 100. Qd2 Qg3+ 101. Kb2 Qb8+ 102. Kc2 Kg8 103. Qd5+ Kf8 104. a5 Qb4 105. Qd8+ Kf7 106. Qb6 Qe4+ 107. Kc3 Qe1+ 108. Kd4 Ke7 109. Qc7+ Ke8 110. Kc5 Qe3+ 111. Kb5 Qd3+ 112. Kb6 Qd4+ 113. Kb7 Qb4+ 114. Ka8 Qa4 115. Qc8+ Kf7 116. a6 Kg6 117. Qe6+ Kh5 118. Qd5+ Kh4 119. Kb7 Qb4+ 120. Kc8 Qc3+ 121. Kd7 Qg7+ 122. Kc6 Qc3+ 123. Qc5 Qf3+ 124. Kb5 Qa8 125. Qe7+ Kh3 126. Qd7+ Kh4 127. a7 Kh5 128. Kb6 Qe4 129. Qc6 1-0

[Event "Mindsports Open 4th"]
[Site "London"]
[Date "2024.07.21"]
[Round "6.4"]
[White "Johnson, Daniel"]
[Black "Balaji, Aaravamudhan"]
[Result "1/2-1/2"]
[WhiteElo "2126"]
[BlackElo "2316"]
[PlyCount "56"]
[EventDate "2024.07.18"]
[EventType "swiss"]
[EventRounds "9"]
[EventCountry "ENG"]
[SourceTitle "BritBase"]
[Source "John Saunders"]
[SourceDate "2024.08.27"]
[SourceVersion "1"]
[SourceVersionDate "2024.08.27"]
[SourceQuality "1"]

1. d4 d6 2. c4 e5 3. Nf3 e4 4. Nfd2 f5 5. Nc3 Nf6 6. e3 c6 7. Be2 d5 8. Qb3 Qb6 9. cxd5 Qxb3 10. Nxb3 cxd5 11. Bd2 a6 12. Na4 Nbd7 13. Rc1 Bd6 14. Ba5 Ke7 15. O-O g5 16. Nb6 Nxb6 17. Bxb6 Nd7 18. Bc7 b6 19. Bxd6+ Kxd6 20. Rc3 Bb7 21. Rfc1 Rac8 22. Rxc8 Rxc8 23. Rxc8 Bxc8 24. Kf1 Nf6 25. g3 a5 26. Nd2 Bd7 27. a3 h5 28. h4 g4 1/2-1/2

[Event "Mindsports Open 4th"]
[Site "London"]
[Date "2024.07.21"]
[Round "6.5"]
[White "Fitzsimons, David"]
[Black "Large, Peter G"]
[Result "0-1"]
[WhiteElo "2320"]
[BlackElo "2311"]
[PlyCount "100"]
[EventDate "2024.07.18"]
[EventType "swiss"]
[EventRounds "9"]
[EventCountry "ENG"]
[SourceTitle "BritBase"]
[Source "John Saunders"]
[SourceDate "2024.08.27"]
[SourceVersion "1"]
[SourceVersionDate "2024.08.27"]
[SourceQuality "1"]

1. e4 e5 2. Nf3 Nc6 3. Bc4 Nf6 4. d3 Be7 5. O-O O-O 6. Re1 d6 7. a4 Na5 8. Ba2 c5 9. c3 Nc6 10. Na3 h6 11. Bd2 Re8 12. h3 Bf8 13. Nc4 Be6 14. b4 cxb4 15. cxb4 d5 16. exd5 Nxd5 17. b5 Ncb4 18. Nfxe5 Nxa2 19. Rxa2 Nb4 20. Ra3 Qc7 21. Qb1 Nd5 22. Ra2 f6 23. Nf3 Rad8 24. Rc2 Qf7 25. Rcc1 Bf5 26. Qb3 Rxe1+ 27. Nxe1 Be6 28. Nf3 Nb6 29. Be3 Qg6 30. Ne1 Nxc4 31. dxc4 b6 32. a5 bxa5 33. Bxa7 Bb4 34. b6 Bc5 35. Qb5 Qf5 36. Nf3 Rd3 37. Re1 Kh7 38. Bb8 a4 39. b7 Rb3 40. Qa6 Rxf3 41. Qxe6 Bxf2+ 42. Kh2 Qxe6 43. Rxe6 Rb3 44. Re2 Bc5 45. Ra2 a3 46. Bf4 Rxb7 47. Bc1 Rb3 48. g3 Bd6 49. Bf4 Bxf4 50. gxf4 Rb2+ 0-1

[Event "Mindsports Open 4th"]
[Site "London"]
[Date "2024.07.21"]
[Round "6.6"]
[White "Lemos, Damian"]
[Black "Sim, Jia Ru"]
[Result "1-0"]
[WhiteElo "2479"]
[BlackElo "2077"]
[PlyCount "75"]
[EventDate "2024.07.18"]
[EventType "swiss"]
[EventRounds "9"]
[EventCountry "ENG"]
[SourceTitle "BritBase"]
[Source "John Saunders"]
[SourceDate "2024.08.27"]
[SourceVersion "1"]
[SourceVersionDate "2024.08.27"]
[SourceQuality "1"]

1. d4 d5 2. c4 dxc4 3. Nf3 Nf6 4. Qa4+ c6 5. Qxc4 Bf5 6. g3 e6 7. Bg2 Be7 8. O-O O-O 9. e3 Na6 10. a3 Rc8 11. b4 Qd5 12. Qc3 Ne4 13. Qb2 Qb5 14. Ne5 f6 15. Nf3 Bg4 16. h3 Bh5 17. Qc2 Nd6 18. Nc3 Qb6 19. Nd2 e5 20. dxe5 fxe5 21. Bb2 Qc7 22. Rac1 Kh8 23. Nce4 Nf7 24. Qb3 Qd7 25. Nc4 Qe6 26. Qc3 c5 27. b5 Nc7 28. Nxe5 Nxb5 29. Nxf7+ Qxf7 30. Qa5 Be2 31. Rfe1 Bd3 32. f4 b6 33. Qa4 Qa2 34. Nf2 Rcd8 35. Nxd3 Rxd3 36. Qxb5 Rd2 37. Re2 a6 38. Rxd2 1-0

[Event "Mindsports Open 4th"]
[Site "London"]
[Date "2024.07.21"]
[Round "6.7"]
[White "Cherniaev, Alexander"]
[Black "Bharat Kumar, Balahari"]
[Result "1-0"]
[WhiteElo "2359"]
[BlackElo "1989"]
[PlyCount "63"]
[EventDate "2024.07.18"]
[EventType "swiss"]
[EventRounds "9"]
[EventCountry "ENG"]
[SourceTitle "BritBase"]
[Source "John Saunders"]
[SourceDate "2024.08.27"]
[SourceVersion "1"]
[SourceVersionDate "2024.08.27"]
[SourceQuality "1"]

1. e4 c5 2. Nf3 d6 3. d4 cxd4 4. Nxd4 Nf6 5. f3 a6 6. c4 e6 7. Nc3 Be7 8. Be3 Qc7 9. Be2 O-O 10. O-O b6 11. Qd2 Bb7 12. Rfc1 Nbd7 13. a4 Rac8 14. a5 Qb8 15. axb6 Nxb6 16. Nd1 d5 17. exd5 exd5 18. Nf5 Bc5 19. Bxc5 Rxc5 20. b4 Rxc4 21. Bxc4 Nxc4 22. Qg5 Ne8 23. Nde3 Qa7 24. Rxc4 f6 25. Ne7+ Kf7 26. Qh5+ Kxe7 27. Rc5 Nd6 28. Re1 Kd8 29. Qxh7 Ba8 30. Nf5 Nxf5 31. Qxf5 Qd7 32. Qf4 1-0

[Event "Mindsports Open 4th"]
[Site "London"]
[Date "2024.07.21"]
[Round "6.8"]
[White "Rudd, Jack"]
[Black "Antolak, Julia"]
[Result "1/2-1/2"]
[WhiteElo "2243"]
[BlackElo "2333"]
[PlyCount "100"]
[EventDate "2024.07.18"]
[EventType "swiss"]
[EventRounds "9"]
[EventCountry "ENG"]
[SourceTitle "BritBase"]
[Source "John Saunders"]
[SourceDate "2024.08.27"]
[SourceVersion "1"]
[SourceVersionDate "2024.08.27"]
[SourceQuality "1"]

1. d4 Nf6 2. c4 e6 3. g3 c5 4. d5 exd5 5. cxd5 d6 6. Bg2 g6 7. Nc3 Bg7 8. Nf3 O-O 9. O-O Re8 10. Nd2 a6 11. a4 Nbd7 12. Nc4 Ne5 13. Na3 Bd7 14. f4 Neg4 15. Nc4 Nh5 16. e3 b5 17. axb5 axb5 18. Rxa8 Qxa8 19. Nb6 Qd8 20. Nxd7 Qxd7 21. Re1 f5 22. Bf3 b4 23. Na4 Nhf6 24. h3 Nh6 25. b3 Ne4 26. Bxe4 Rxe4 27. Qd3 c4 28. Nb6 cxd3 29. Nxd7 Re7 30. Nb6 Bc3 31. Rd1 d2 32. Bxd2 Bxd2 33. Rxd2 Rxe3 34. Nc4 Rxg3+ 35. Kh2 Rxb3 36. Nxd6 Nf7 37. Nb7 Rc3 38. d6 b3 39. Rd4 b2 40. Rb4 Rc2+ 41. Kg3 Rd2 42. d7 Rd3+ 43. Kg2 Rxd7 44. Rxb2 Rc7 45. Rb6 Rc2+ 46. Kg3 Rd2 47. Rc6 Rd7 48. Nc5 Rd6 49. Rc7 h6 50. h4 g5 1/2-1/2

[Event "Mindsports Open 4th"]
[Site "London"]
[Date "2024.07.21"]
[Round "6.9"]
[White "Sowray, Peter J"]
[Black "Kalavannan, Koby"]
[Result "1-0"]
[WhiteElo "2194"]
[BlackElo "2265"]
[PlyCount "145"]
[EventDate "2024.07.18"]
[EventType "swiss"]
[EventRounds "9"]
[EventCountry "ENG"]
[SourceTitle "BritBase"]
[Source "John Saunders"]
[SourceDate "2024.08.27"]
[SourceVersion "1"]
[SourceVersionDate "2024.08.27"]
[SourceQuality "1"]

1. c4 Nf6 2. Nf3 g6 3. Nc3 Bg7 4. g3 O-O 5. Bg2 d5 6. cxd5 Nxd5 7. O-O c5 8. Nxd5 Qxd5 9. d3 Nc6 10. Be3 Bxb2 11. Rb1 Bf6 12. Nd4 Qxa2 13. Nxc6 bxc6 14. Bxc6 Bh3 15. Bxa8 Rxa8 16. Re1 a5 17. Qc1 Rc8 18. f3 Be6 19. Rb5 c4 20. dxc4 a4 21. c5 a3 22. Kf2 Ra8 23. c6 Qc4 24. Qxc4 Bxc4 25. Rb4 Be6 26. Bd4 a2 27. Bxf6 exf6 28. Ra1 Rc8 29. Rb6 Kf8 30. Ke3 Ke7 31. Rd1 Bd5 32. Ra6 Rxc6 33. Rxc6 Bxc6 34. Kd4 Bb5 35. Ra1 Bxe2 36. f4 Bg4 37. Rxa2 Kf8 38. Kc5 Kg7 39. Kd6 Be6 40. Ra7 Kf8 41. Ra8+ Kg7 42. Ke7 Bd5 43. Ra5 Bc4 44. g4 Be2 45. h3 Bf1 46. Ra3 Be2 47. Rg3 h5 48. Re3 Bd1 49. Rd3 Be2 50. Rd2 Bf3 51. gxh5 Bxh5 52. Rd6 Bf3 53. Rxf6 Bd5 54. Rd6 Bb3 55. Rd3 Be6 56. Rg3 Bf5 57. h4 Bc2 58. h5 Bb1 59. h6+ Kxh6 60. Kxf7 Bf5 61. Kf6 Kh7 62. Rg2 Be4 63. Rh2+ Kg8 64. Rh6 Bf5 65. Rxg6+ Bxg6 66. Kxg6 Kh8 67. Kf7 Kh7 68. f5 Kh6 69. f6 Kh7 70. Ke7 Kg6 71. f7 Kh7 72. Kf6 Kh6 73. f8=Q+ 1-0

[Event "Mindsports Open 4th"]
[Site "London"]
[Date "2024.07.21"]
[Round "6.10"]
[White "Ogunshola, Ben"]
[Black "Navrotescu, Andreea"]
[Result "1/2-1/2"]
[WhiteElo "2043"]
[BlackElo "2246"]
[PlyCount "98"]
[EventDate "2024.07.18"]
[EventType "swiss"]
[EventRounds "9"]
[EventCountry "ENG"]
[SourceTitle "BritBase"]
[Source "John Saunders"]
[SourceDate "2024.08.27"]
[SourceVersion "1"]
[SourceVersionDate "2024.08.27"]
[SourceQuality "1"]

1. Nf3 d5 2. g3 Nf6 3. Bg2 Bf5 4. O-O h6 5. d4 e6 6. c4 c6 7. Nc3 Nbd7 8. Nd2 Be7 9. e4 dxe4 10. Ndxe4 O-O 11. Bf4 Nxe4 12. Nxe4 Nf6 13. Nc3 Qb6 14. Na4 Qa6 15. Qb3 Rad8 16. Rfd1 b5 17. cxb5 cxb5 18. Nc5 Qb6 19. a4 bxa4 20. Qxb6 axb6 21. Nxa4 b5 22. Nc5 Bg4 23. Nb7 Rd7 24. Bc6 Bxd1 25. Rxd1 Rd5 26. Bxd5 Nxd5 27. Bd6 Ra8 28. Bxe7 Nxe7 29. Nd6 b4 30. Kf1 Rd8 31. Nc4 Nf5 32. Ne3 Rxd4 33. Ke2 Re4 34. Rd8+ Kh7 35. Kd3 Re5 36. Rb8 Nxe3 37. fxe3 Rd5+ 38. Ke2 Rc5 39. Kd3 Rc1 40. Rxb4 Rh1 41. h4 Rh3 42. Rf4 f5 43. g4 g6 44. gxf5 gxf5 45. b4 Kg6 46. b5 Rh1 47. Rb4 Rd1+ 48. Ke2 Rd7 49. Kf3 e5 1/2-1/2

[Event "Mindsports Open 4th"]
[Site "London"]
[Date "2024.07.21"]
[Round "6.11"]
[White "Buckley, Graeme N"]
[Black "Ethelontis, Alexandros N"]
[Result "1-0"]
[WhiteElo "2311"]
[BlackElo "2001"]
[PlyCount "81"]
[EventDate "2024.07.18"]
[EventType "swiss"]
[EventRounds "9"]
[EventCountry "ENG"]
[SourceTitle "BritBase"]
[Source "John Saunders"]
[SourceDate "2024.08.27"]
[SourceVersion "1"]
[SourceVersionDate "2024.08.27"]
[SourceQuality "1"]

1. e4 e6 2. d4 d5 3. e5 c5 4. c3 Nc6 5. Nf3 Bd7 6. Be2 Nge7 7. Na3 cxd4 8. cxd4 Nf5 9. Nc2 Be7 10. O-O Qb6 11. Bd3 Rc8 12. g4 Nh6 13. Bxh6 gxh6 14. Qd2 Bf8 15. Kh1 Nb4 16. Nxb4 Qxb4 17. Qf4 Bb5 18. Rad1 Bxd3 19. Rxd3 Bg7 20. g5 h5 21. Ng1 Rc2 22. Qe3 O-O 23. Ne2 Rxb2 24. a3 Qb6 25. Ng3 Rb1 26. Rxb1 Qxb1+ 27. Kg2 Rc8 28. Nxh5 Rc1 29. Ng3 Rg1+ 30. Kh3 h6 31. g6 fxg6 32. Rb3 Qd1 33. Rxb7 g5 34. Qc3 g4+ 35. Kh4 Qc1 36. Qxc1 Rxc1 37. Nh5 Bh8 38. Nf6+ Bxf6+ 39. exf6 Rf1 40. Kh5 g3 41. Kg6 1-0

[Event "Mindsports Open 4th"]
[Site "London"]
[Date "2024.07.21"]
[Round "6.12"]
[White "Lim, Zhuo Ren"]
[Black "Hill, Alistair"]
[Result "1-0"]
[WhiteElo "2251"]
[BlackElo "2101"]
[PlyCount "89"]
[EventDate "2024.07.18"]
[EventType "swiss"]
[EventRounds "9"]
[EventCountry "ENG"]
[SourceTitle "BritBase"]
[Source "John Saunders"]
[SourceDate "2024.08.27"]
[SourceVersion "1"]
[SourceVersionDate "2024.08.27"]
[SourceQuality "1"]

1. Nf3 Nf6 2. c4 c5 3. g3 d5 4. cxd5 Nxd5 5. Nc3 Nc7 6. d4 cxd4 7. Qxd4 Bd7 8. Ne5 Nc6 9. Qxd7+ Qxd7 10. Nxd7 Kxd7 11. Bg2 Rd8 12. Be3 e6 13. O-O-O+ Kc8 14. Rxd8+ Kxd8 15. Bxc6 bxc6 16. Bxa7 Bb4 17. Na4 Na6 18. a3 Be7 19. Rd1+ Kc7 20. Bb6+ Kc8 21. Be3 Rd8 22. Nb6+ Kc7 23. Rxd8 Kxd8 24. Nc4 f6 25. Kc2 h5 26. h3 Kc7 27. b4 Kd7 28. Bb6 Nc7 29. e4 e5 30. Bxc7 Kxc7 31. Kc3 g6 32. Ne3 Kb7 33. Kc4 Bd8 34. Kc5 Be7+ 35. Kc4 Bd8 36. a4 Bb6 37. Nd1 Bd4 38. g4 hxg4 39. hxg4 Kb6 40. f4 Kc7 41. f5 g5 42. Nc3 Kb6 43. a5+ Kc7 44. b5 Kb7 45. bxc6+ 1-0

[Event "Mindsports Open 4th"]
[Site "London"]
[Date "2024.07.21"]
[Round "6.13"]
[White "Liu, Tianyi (Jack)"]
[Black "Merriman, John"]
[Result "1/2-1/2"]
[WhiteElo "2098"]
[BlackElo "2251"]
[PlyCount "160"]
[EventDate "2024.07.18"]
[EventType "swiss"]
[EventRounds "9"]
[EventCountry "ENG"]
[SourceTitle "BritBase"]
[Source "John Saunders"]
[SourceDate "2024.08.27"]
[SourceVersion "1"]
[SourceVersionDate "2024.08.27"]
[SourceQuality "1"]

1. e4 e6 2. d4 d5 3. Nc3 Nf6 4. Bg5 dxe4 5. Nxe4 Be7 6. Nxf6+ gxf6 7. Bh6 Nc6 8. c3 b6 9. Qd3 f5 10. Nf3 Qd5 11. Qb5 Qe4+ 12. Be2 Bd7 13. Qd3 Qxd3 14. Bxd3 Rg8 15. g3 O-O-O 16. O-O-O Rg6 17. Be3 Bd6 18. Rhe1 Re8 19. Bd2 Rgg8 20. b4 Ne7 21. b5 f6 22. a4 Ng6 23. Bc4 Rg7 24. Kb2 e5 25. a5 Be6 26. Bxe6+ Rxe6 27. Ra1 Ree7 28. axb6 axb6 29. Bh6 Rgf7 30. Ra8+ Kd7 31. h4 e4 32. Nd2 Re6 33. Nc4 Ne7 34. Nxd6 Rxd6 35. Kb3 Nc8 36. Bf4 Rd5 37. Kc4 Ne7 38. Ra7 Ke6 39. Rxc7 Rd7 40. Ra1 Rf8 41. Raa7 Rc8 42. Kb3 Rcxc7 43. Rxc7 Rd8 44. Rb7 Nd5 45. Rxh7 Nxf4 46. gxf4 Rg8 47. Rb7 Rg2 48. Rxb6+ Kf7 49. Rb7+ Ke6 50. Kc4 Kd6 51. Rb6+ Ke7 52. Kd5 Rxf2 53. Re6+ Kf7 54. c4 Rxf4 55. b6 Rxh4 56. b7 Rh8 57. c5 Rd8+ 58. Rd6 Re8 59. Rd7+ Kg6 60. c6 e3 61. c7 e2 62. Rd8 e1=Q 63. Rxe8 Qa5+ 64. Kd6 Qb6+ 65. Kd7 Qxb7 66. Rb8 Qd5+ 67. Ke7 Qe4+ 68. Kd7 Qxd4+ 69. Kc6 Qc4+ 70. Kd6 Qd4+ 71. Kc6 Qe4+ 72. Kd6 Qe5+ 73. Kc6 Qe6+ 74. Kc5 Qe5+ 75. Kc6 Qe4+ 76. Kc5 Qe3+ 77. Kd6 Qd4+ 78. Kc6 Qc4+ 79. Kd6 Qd4+ 80. Kc6 Qe4+ 1/2-1/2

[Event "Mindsports Open 4th"]
[Site "London"]
[Date "2024.07.21"]
[Round "6.14"]
[White "Pal, Rohan"]
[Black "Villiers, Thomas"]
[Result "0-1"]
[WhiteElo "2077"]
[BlackElo "2229"]
[PlyCount "68"]
[EventDate "2024.07.18"]
[EventType "swiss"]
[EventRounds "9"]
[EventCountry "ENG"]
[SourceTitle "BritBase"]
[Source "John Saunders"]
[SourceDate "2024.08.27"]
[SourceVersion "1"]
[SourceVersionDate "2024.08.27"]
[SourceQuality "1"]

1. c4 c6 2. Nf3 d5 3. b3 Nf6 4. Bb2 e6 5. g3 Be7 6. Bg2 Nbd7 7. O-O b6 8. d3 Bb7 9. Nbd2 c5 10. e3 O-O 11. Qc2 Qc7 12. a3 Rac8 13. Rac1 Qb8 14. cxd5 Bxd5 15. Qb1 Rfd8 16. Qa1 Qb7 17. e4 Bc6 18. Nc4 Ne8 19. Rfd1 Bf6 20. Bxf6 Ndxf6 21. Nfe5 Bb5 22. Rd2 Nd7 23. Rcd1 Nxe5 24. Nxe5 Qc7 25. f4 Rd6 26. d4 cxd4 27. Rxd4 Be2 28. R1d2 Rxd4 29. Qxd4 Qc1+ 30. Kf2 Ba6 31. Qd7 Qc5+ 32. Kf3 Qf8 33. Bh3 Nf6 34. Bxe6 Nxd7 0-1

[Event "Mindsports Open 4th"]
[Site "London"]
[Date "2024.07.21"]
[Round "6.15"]
[White "Verbytski, Oleg"]
[Black "Badacsonyi, Stanley"]
[Result "0-1"]
[WhiteElo "2076"]
[BlackElo "2178"]
[PlyCount "76"]
[EventDate "2024.07.18"]
[EventType "swiss"]
[EventRounds "9"]
[EventCountry "ENG"]
[SourceTitle "BritBase"]
[Source "John Saunders"]
[SourceDate "2024.08.27"]
[SourceVersion "1"]
[SourceVersionDate "2024.08.27"]
[SourceQuality "1"]

1. e4 e6 2. d4 d5 3. Nd2 h6 4. Ngf3 Nf6 5. e5 Nfd7 6. Bd3 c5 7. c3 Nc6 8. Nf1 g5 9. h3 cxd4 10. cxd4 Qb6 11. Qa4 Bb4+ 12. Bd2 Bxd2+ 13. N1xd2 Qxb2 14. O-O Qb4 15. Bb5 Qxa4 16. Bxa4 Na5 17. Rab1 a6 18. Rb6 Ke7 19. Bxd7 Bxd7 20. Rfb1 Bc6 21. Rc1 Kd7 22. Rc5 Kc7 23. Rb1 b5 24. a4 Rhb8 25. axb5 axb5 26. Ne1 Nc4 27. Nb3 Kb6 28. Nd3 Ra4 29. Nb2 Nxb2 30. Rxb2 Rba8 31. Rbc2 Rc4 32. Nd2 Rxc2 33. Rxc2 Ra4 34. Nb3 Rc4 35. Rb2 b4 36. Kf1 Ba4 37. Nc5 Bb5 38. Ke1 Rxd4 0-1

[Event "Mindsports Open 4th"]
[Site "London"]
[Date "2024.07.21"]
[Round "6.16"]
[White "Banerjee, Supratit"]
[Black "Merriman, James"]
[Result "1/2-1/2"]
[WhiteElo "2161"]
[BlackElo "1974"]
[PlyCount "105"]
[EventDate "2024.07.18"]
[EventType "swiss"]
[EventRounds "9"]
[EventCountry "ENG"]
[SourceTitle "BritBase"]
[Source "John Saunders"]
[SourceDate "2024.08.27"]
[SourceVersion "1"]
[SourceVersionDate "2024.08.27"]
[SourceQuality "1"]

1. e4 e6 2. d4 d5 3. exd5 exd5 4. Nf3 Bd6 5. c4 Nf6 6. Be2 O-O 7. O-O dxc4 8. Bxc4 Bg4 9. h3 Bh5 10. Nc3 Nbd7 11. Re1 Nb6 12. Bb3 c6 13. Qd3 Nfd5 14. Bg5 f6 15. Bd2 Bf7 16. Nh4 Qd7 17. Bc2 g6 18. Qf3 Nxc3 19. bxc3 Bd5 20. Qd3 Bc4 21. Bb3 Qf7 22. Bxc4 Nxc4 23. Bh6 Rfe8 24. a4 Bf8 25. Bxf8 Kxf8 26. Reb1 a5 27. Nf3 Re7 28. Rb3 Rd8 29. Rab1 Ne5 30. Qe3 Nxf3+ 31. Qxf3 Rde8 32. Kh2 Rd7 33. Rb6 Qe7 34. Qf4 Kg7 35. Qg3 h5 36. h4 Qf7 37. Qf4 Qe7 38. R6b2 Qf7 39. Qg3 Qe7 40. f4 f5 41. d5 Rxd5 42. Rxb7 Rd7 43. R7b6 Rd6 44. c4 Red8 45. c5 Rd3 46. Rb7 R3d7 47. Rxd7 Rxd7 48. Rb6 Qxc5 49. Rb8 Rd1 50. Rb7+ Kf8 51. Rb8+ Kg7 52. Rb7+ Kf8 53. Rb8+ 1/2-1/2

[Event "Mindsports Open 4th"]
[Site "London"]
[Date "2024.07.21"]
[Round "6.17"]
[White "Sooraj, M R"]
[Black "Shearsby, Jude"]
[Result "1-0"]
[WhiteElo "1999"]
[BlackElo "2130"]
[PlyCount "79"]
[EventDate "2024.07.18"]
[EventType "swiss"]
[EventRounds "9"]
[EventCountry "ENG"]
[SourceTitle "BritBase"]
[Source "John Saunders"]
[SourceDate "2024.08.27"]
[SourceVersion "1"]
[SourceVersionDate "2024.08.27"]
[SourceQuality "1"]

1. e4 c5 2. Nc3 g6 3. g3 Bg7 4. d3 Nc6 5. Bg2 d6 6. Be3 Rb8 7. Nge2 e6 8. Qd2 b5 9. a3 Nd4 10. O-O Ne7 11. b4 Nxe2+ 12. Nxe2 Qc7 13. Rab1 O-O 14. Rfc1 c4 15. d4 Bb7 16. c3 f5 17. Nf4 Qd7 18. d5 e5 19. Ne6 Rf7 20. f3 a6 21. Ra1 Nc8 22. a4 Re7 23. axb5 axb5 24. Ra5 Re8 25. Bh3 Ne7 26. Bh6 Bf6 27. g4 f4 28. g5 Bh8 29. Nxf4 Nf5 30. Ne2 Nh4 31. Bxd7 Nxf3+ 32. Kg2 Nxd2 33. Bxe8 Rxe8 34. Rxb5 Bc8 35. Ng3 Bg4 36. Kf2 Bg7 37. Bxg7 Kxg7 38. Rb7+ Kg8 39. Ke3 Nb3 40. Rf1 1-0

[Event "Mindsports Open 4th"]
[Site "London"]
[Date "2024.07.21"]
[Round "6.18"]
[White "Kovalskyi, Roman"]
[Black "Willmoth, Robert F"]
[Result "1-0"]
[WhiteElo "1989"]
[BlackElo "2115"]
[PlyCount "65"]
[EventDate "2024.07.18"]
[EventType "swiss"]
[EventRounds "9"]
[EventCountry "ENG"]
[SourceTitle "BritBase"]
[Source "John Saunders"]
[SourceDate "2024.08.27"]
[SourceVersion "1"]
[SourceVersionDate "2024.08.27"]
[SourceQuality "1"]

1. e4 c5 2. Nf3 Nc6 3. d4 cxd4 4. Nxd4 Nf6 5. Nc3 e5 6. Ndb5 d6 7. Nd5 Nxd5 8. exd5 Nb8 9. a4 Be7 10. Be2 O-O 11. O-O f5 12. b4 Nd7 13. a5 a6 14. Na3 f4 15. c4 Nf6 16. Qb3 Kh8 17. Rd1 Qc7 18. Bb2 Bf5 19. Rac1 Nd7 20. c5 dxc5 21. Nc4 Rf6 22. bxc5 Nxc5 23. Qa2 Qd8 24. Bxe5 Nd7 25. Bxf6 Bxf6 26. Nd6 Bg6 27. Nxb7 Qe7 28. d6 Qf8 29. Qe6 Qe8 30. Qxe8+ Bxe8 31. Nc5 Bd8 32. Bf3 Ra7 33. Ne6 1-0

[Event "Mindsports Open 4th"]
[Site "London"]
[Date "2024.07.21"]
[Round "6.19"]
[White "Pandit, Kabir"]
[Black "Khoury, Theo"]
[Result "0-1"]
[WhiteElo "1950"]
[BlackElo "2113"]
[PlyCount "156"]
[EventDate "2024.07.18"]
[EventType "swiss"]
[EventRounds "9"]
[EventCountry "ENG"]
[SourceTitle "BritBase"]
[Source "John Saunders"]
[SourceDate "2024.08.27"]
[SourceVersion "1"]
[SourceVersionDate "2024.08.27"]
[SourceQuality "1"]

1. c4 e6 2. g3 d5 3. d4 Nf6 4. Bg2 Bb4+ 5. Bd2 a5 6. a3 Be7 7. Qc2 O-O 8. Nf3 c6 9. b3 b6 10. Bc3 Ba6 11. Nbd2 Nbd7 12. O-O Rc8 13. Qb2 c5 14. Rfc1 Bb7 15. Ne5 Nxe5 16. dxe5 Ne8 17. cxd5 exd5 18. e3 Nc7 19. b4 axb4 20. axb4 Nb5 21. bxc5 Nxc3 22. Rxc3 Bxc5 23. Nb3 Bb4 24. Rd3 Qc7 25. Rad1 Bc3 26. Qb1 Bxe5 27. Bxd5 Bxd5 28. Rxd5 Rcd8 29. Qe4 Bf6 30. Qb1 Rxd5 31. Rxd5 Rd8 32. Qd3 Rxd5 33. Qxd5 g6 34. h4 h5 35. Kg2 Kg7 36. Nd2 Qe5 37. Qc6 b5 38. Nb3 b4 39. e4 Qe6 40. Qc2 Bc3 41. Nc1 Qd6 42. Nb3 Qc6 43. Kg1 Kf8 44. Qd3 Qe6 45. Nc5 Qc8 46. Qd5 Kg7 47. Kg2 Qc7 48. f4 Bf6 49. Qc4 Kg8 50. Qb5 Be7 51. Qe8+ Kg7 52. Nd7 Qd8 53. Qxd8 Bxd8 54. Nc5 Bb6 55. Nb3 Kf6 56. Kf3 Ke6 57. Ke2 Kd6 58. Nc1 Kc6 59. Kd3 Bf2 60. Ne2 Kb5 61. f5 gxf5 62. exf5 Kc5 63. g4 hxg4 64. h5 Bh4 65. h6 Bf6 66. h7 Kd5 67. Nf4+ Ke5 68. Nh5 Bh8 69. f6 Kf5 70. Kc4 Kg6 71. Nf4+ Kxh7 72. Kxb4 Bxf6 73. Kc4 Bg5 74. Ne2 Kg6 75. Kd4 Kf5 76. Ng3+ Kf4 77. Nh5+ Kf3 78. Ke5 g3 0-1

[Event "Mindsports Open 4th"]
[Site "London"]
[Date "2024.07.21"]
[Round "6.20"]
[White "Verma, Shlok"]
[Black "Dias, Savin"]
[Result "1-0"]
[WhiteElo "2102"]
[BlackElo "1954"]
[PlyCount "103"]
[EventDate "2024.07.18"]
[EventType "swiss"]
[EventRounds "9"]
[EventCountry "ENG"]
[SourceTitle "BritBase"]
[Source "John Saunders"]
[SourceDate "2024.08.27"]
[SourceVersion "1"]
[SourceVersionDate "2024.08.27"]
[SourceQuality "1"]

1. d4 Nf6 2. c4 e6 3. Nf3 Bb4+ 4. Nbd2 O-O 5. a3 Bxd2+ 6. Qxd2 d6 7. e3 Nbd7 8. b4 d5 9. c5 c6 10. Bd3 Qe7 11. Bb2 Ne4 12. Qc2 f5 13. O-O g5 14. Nd2 Nxd2 15. Qxd2 Nf6 16. f3 Bd7 17. a4 Qg7 18. b5 Kh8 19. Qe2 Rg8 20. Bc3 g4 21. f4 Qf7 22. Rfb1 Rgb8 23. a5 cxb5 24. Bxb5 a6 25. Bxd7 Qxd7 26. Rb6 Rc8 27. Rab1 Ra7 28. Qb2 Rc7 29. Rd6 Qf7 30. Qb6 Ra8 31. Rxe6 Ne4 32. Be1 g3 33. hxg3 Rg8 34. Re5 Rg6 35. Qb3 Rd7 36. Qc2 Rh6 37. Rb6 Rxb6 38. cxb6 Kg7 39. g4 fxg4 40. Bh4 h5 41. Qc8 g3 42. Bxg3 Nxg3 43. Rg5+ Kh7 44. Rxg3 Qe6 45. Qc2+ Kh6 46. Kf2 Rf7 47. Rg5 Rd7 48. Qf5 Qc6 49. Qf8+ Kh7 50. Qg8+ Kh6 51. Rxh5+ Kxh5 52. Qg5# 1-0